Materials Innovation and Design (Record no. 48678)

MARC details
000 -LEADER
fixed length control field 00435nam a2200169Ia 4500
008 - FIXED-LENGTH DATA ELEMENTS--GENERAL INFORMATION
fixed length control field 220805s9999 xx 000 0 und d
020 ## - INTERNATIONAL STANDARD BOOK NUMBER
International Standard Book Number 978-84-92796-77-9
041 ## - LANGUAGE CODE
Language code of text/sound track or separate title eng
082 ## - DEWEY DECIMAL CLASSIFICATION NUMBER
Classification number 721.044
100 ## - MAIN ENTRY--PERSONAL NAME
Personal name Kottas, Dimitris
9 (RLIN) 88438
260 ## - PUBLICATION, DISTRIBUTION, ETC. (IMPRINT)
Place of publication, distribution, etc. Spain
Name of publisher, distributor, etc. Links
245 ## - TITLE STATEMENT
Title Materials Innovation and Design
250 ## - EDITION STATEMENT
Edition statement 14
300 ## - PHYSICAL DESCRIPTION
Extent 238
650 ## - SUBJECT ADDED ENTRY--TOPICAL TERM
Topical term or geographic name as entry element Architecture design
9 (RLIN) 88439
650 ## - SUBJECT ADDED ENTRY--TOPICAL TERM
Topical term or geographic name as entry element Building material techique
9 (RLIN) 88440
Holdings
Withdrawn status Lost status Source of classification or shelving scheme Damaged status Not for loan Home library Current library Date acquired Vendor Cost, normal purchase price Full call number Barcode Date last seen Bill Date Koha item type Original Barcode
    Dewey Decimal Classification   Reference Manilal Nanavati Vocational Training Institute Pune Manilal Nanavati Vocational Training Institute Pune 09/08/2022 purchase 2650.00 721.044/KOT/B1307 MNVT-BK-1307 09/08/2022 09/08/2022 Books B1307